UK National Rail with Map - London Northwestern Railway - Statistics

General Stats
  • This quiz has been taken 346 times
  • The average score is 31 of 63
Answers on the Map
Answers color-coded by a green-red scale on the quiz's map according to % correct below.
 
Answer Stats
Answer Line % Correct
London Euston West Coast Main Line
93%
Birmingham New Street Rugby to Birmingham to Stafford Line
90%
Liverpool Lime Street Crewe to Liverpool Line
88%
Rugby West Coast Main Line
88%
Crewe West Coast Main Line
87%
Northampton Northampton Loop Line
85%
Watford Junction West Coast Main Line
84%
Coventry Rugby to Birmingham to Stafford Line
81%
Stafford West Coast Main Line
81%
Milton Keynes Central West Coast Main Line
79%
Stoke-on-Trent Stafford to Manchester Line
79%
Wolverhampton Rugby to Birmingham to Stafford Line
77%
Birmingham International Rugby to Birmingham to Stafford Line
76%
Bletchley West Coast Main Line
69%
Bedford Marston Vale Line
66%
Bushey West Coast Main Line
65%
Harrow & Wealdstone West Coast Main Line
65%
Nuneaton West Coast Main Line
64%
Tring West Coast Main Line
63%
Runcorn Crewe to Liverpool Line
61%
Tamworth West Coast Main Line
57%
Hemel Hempstead West Coast Main Line
56%
St Albans Abbey Abbey Line
56%
Leighton Buzzard West Coast Main Line
55%
Lichfield Trent Valley West Coast Main Line
55%
Liverpool South Parkway Crewe to Liverpool Line
53%
Rugeley Trent Valley West Coast Main Line
53%
Apsley West Coast Main Line
46%
Bedford St Johns Marston Vale Line
46%
Berkhamsted West Coast Main Line
46%
Kings Langley West Coast Main Line
46%
Long Buckby Northampton Loop Line
46%
Wolverton West Coast Main Line
46%
Cheddington West Coast Main Line
43%
Stone Stafford to Manchester Line
42%
Tile Hill Rugby to Birmingham to Stafford Line
41%
Smethwick Galton Bridge Rugby to Birmingham to Stafford Line
39%
Watford North Abbey Line
39%
Hampton-in-Arden Rugby to Birmingham to Stafford Line
36%
Canley Rugby to Birmingham to Stafford Line
35%
Atherstone West Coast Main Line
34%
Berkswell Rugby to Birmingham to Stafford Line
34%
Penkridge Rugby to Birmingham to Stafford Line
34%
Alsager Crewe to Derby Line
32%
Kidsgrove Stafford to Manchester Line
32%
Polesworth West Coast Main Line
32%
Park Street Abbey Line
29%
Acton Bridge West Coast Main Line
28%
Garston Abbey Line
27%
Fenny Stratford Marston Vale Line
26%
Hartford West Coast Main Line
26%
How Wood Abbey Line
26%
Kempston Hardwick Marston Vale Line
26%
Winsford West Coast Main Line
26%
Bricket Wood Abbey Line
25%
Longport Stafford to Manchester Line
25%
Woburn Sands Marston Vale Line
24%
Aspley Guise Marston Vale Line
23%
Bow Brickhill Marston Vale Line
23%
Millbrook Marston Vale Line
19%
Ridgmont Marston Vale Line
19%
Stewartby Marston Vale Line
19%
Lidlington Marston Vale Line
17%
No matching quizzes found
Score Distribution
Percent of People with Each Score
Percentile by Number Answered
Your Score History
You have not taken this quiz